000
00371nam a2200169Ia 4500
003
IT-RoPAU
008
120407s9999 xx 000 0 und d
040
_a
IT-RoPAU
040
_c
IT-RoPAU
100
_a
W. Kenneth Richmond
245
_a
La rivoluzione nell'insegnamento
250
_a
Roma
260
_a
Armando Armando
300
_c
cm
490
_v
1
942
_c
BK
999
_c
927
_d
927